Welcome to CU Library Online Public Access Catalogue (OPAC)

THE CHURCH AND RECONSTRUCTION OF AFRICA; (Record no. 6630)

MARC details
000 -LEADER
fixed length control field 00417nam a2200145 4500
005 - DATE AND TIME OF LATEST TRANSACTION
control field 20250623122443.0
008 - FIXED-LENGTH DATA ELEMENTS--GENERAL INFORMATION
fixed length control field T
020 ## - INTERNATIONAL STANDARD BOOK NUMBER
International Standard Book Number 9966886508
050 ## - LIBRARY OF CONGRESS CALL NUMBER
Classification number BR1360
Item number .C484 CHU
245 ## - TITLE STATEMENT
Title THE CHURCH AND RECONSTRUCTION OF AFRICA;
Remainder of title THEOLOGICAL CONSIDERATIONS
Statement of responsibility, etc. EDITED BY J. N.K. MUGAMBI
260 ## - PUBLICATION, DISTRIBUTION, ETC.
Place of publication, distribution, etc. NAIROBI
Name of publisher, distributor, etc. ALL AFRICA CONFERENCE OF CHURCHES
Date of publication, distribution, etc. c1997
300 ## - PHYSICAL DESCRIPTION
Extent vi, 252p
700 ## - ADDED ENTRY--PERSONAL NAME
Personal name MUGAMBI J.N.K
942 ## - ADDED ENTRY ELEMENTS (KOHA)
Source of classification or shelving scheme Library of Congress Classification
Koha item type Books
Suppress in OPAC No
999 ## -
-- 6630
-- 6630
Holdings
Withdrawn status Lost status Source of classification or shelving scheme Damaged status Not for loan Collection Home library Current library Shelving location Date acquired Total checkouts Full call number Barcode Date last seen Copy number Price effective from Koha item type
    Library of Congress Classification     Non-fiction Undergraduate Library (Christ Temple) Undergraduate Library (Christ Temple) General stacks 06/23/2025   BR1360.C484 CHU ulct00003476 06/23/2025 1 06/23/2025 Books
© 2023-2024 Copyright: Central University Libraries. All Rights Reserved | Created by: Mahone Tech Office